00343nam a2200133 a 4500008004100000020001800041050001600059100001800075245002900093260004200122300001400164350001000178650002100188201117s2015 ||||||||||||||||| || u a9780192742759 aPZ 7.R25576 aReeve, Philip10aRailheadcBy Phili Reeve aOxfordbOxford University Pressc2015 a299 pages a31.28 aENGLISH LANGUAGE